[Event "GER-chT U20"]
[Site "Willingen"]
[Date "2021.06.26"]
[Round "5"]
[White "Gubariev, Jakob"]
[Black "Skabs, Denis"]
[Result "1-0"]
[WhiteElo "1925"]
[BlackElo "1939"]
[PlyCount "55"]
[EventDate "2021.06.24"]
[EventType "team-swiss"]
[EventRounds "7"]
[EventCountry "GER"]
[SourceTitle "CBM 203 Extra"]
[Source "ChessBase"]
[SourceDate "2021.09.30"]
[SourceVersion "1"]
[SourceVersionDate "2021.09.30"]
[SourceQuality "1"]
[WhiteTeam "Augsburg"]
[BlackTeam "Brackel"]
[WhiteTeamCountry "GER"]
[BlackTeamCountry "GER"]

1. e4 e5 2. Nf3 Nc6 3. d4 exd4 4. Bc4 Nf6 5. e5 d5 6. Bb5 Ne4 7. Nxd4 Bc5 8. Be3 Bd7 9. Bxc6 bxc6 10. 0-0 0-0 11. f3 Ng5 12. f4 Ne4 13. Nd2 Nxd2 14. Qxd2 Bb6 15. c3 Qe7 16. Rae1 c5 17. Nb3 Bb5 18. Rf3 Bc6 19. Rg3 Rae8 20. Bf2 c4 21. f5 Bxf2+ 22. Qxf2 Kh8 23. Nd4 Qc5 24. f6 g6 25. Rh3 h5 26. Qf4 Kh7 27. Qg5 Rh8 28. Rxh5+ 1-0

[Event "GER-chT U20"]
[Site "Willingen"]
[Date "2021.06.24"]
[Round "1"]
[White "Graf, Lucas"]
[Black "Gubariev, Jakob"]
[Result "1-0"]
[WhiteElo "1882"]
[BlackElo "1925"]
[PlyCount "85"]
[EventDate "2021.06.24"]
[EventType "team-swiss"]
[EventRounds "7"]
[EventCountry "GER"]
[SourceTitle "CBM 203 Extra"]
[Source "ChessBase"]
[SourceDate "2021.09.30"]
[SourceVersion "1"]
[SourceVersionDate "2021.09.30"]
[SourceQuality "1"]
[WhiteTeam "Plauen Koenig"]
[BlackTeam "Augsburg"]
[WhiteTeamCountry "GER"]
[BlackTeamCountry "GER"]

1. e4 c5 2. Nf3 Nc6 3. Nc3 g6 4. d4 cxd4 5. Nxd4 Bg7 6. Be3 Nf6 7. Bc4 0-0 8. 0-0 d6 9. h3 Bd7 10. Qd2 Rc8 11. Bb3 a6 12. Rad1 Nxd4 13. Bxd4 Bc6 14. Qe3 Qc7 15. f4 b5 16. e5 Ne8 17. Rfe1 Qb7 18. Rd2 dxe5 19. fxe5 Nc7 20. e6 f6 21. Bc5 Rfe8 22. Red1 a5 23. a3 Qa8 24. Rd7 Bxg2 25. R1d2 Bh1 26. Rxe7 Rxe7 27. Bxe7 Kh8 28. Qg3 b4 29. axb4 axb4 30. Bxb4 Bh6 31. Qf2 Ne8 32. Rd3 Bg5 33. Qh2 Rxc3 34. Bxc3 Qa1+ 35. Kf2 Bh4+ 36. Ke2 Be4 37. Qb8 Kg7 38. Rd7+ Kh6 39. Qf4+ Bg5 40. Qxe4 Qg1 41. Qf3 Nd6 42. Bb4 Qh2+ 43. Kd3 1-0

[Event "Bayernliga U20 1819"]
[Site "Bayern"]
[Date "2019.01.26"]
[Round "4.4"]
[White "Gubariev, Jakob"]
[Black "Lohr, Maximilian"]
[Result "0-1"]
[WhiteElo "1944"]
[BlackElo "2028"]
[PlyCount "90"]
[EventDate "2018.11.17"]
[EventType "team-tourn"]
[EventRounds "6"]
[EventCountry "GER"]
[SourceTitle "EXT 2022"]
[Source "ChessBase"]
[SourceDate "2021.10.06"]
[SourceVersion "1"]
[SourceVersionDate "2021.10.06"]
[SourceQuality "1"]
[WhiteTeam "Augsburg SF U20"]
[BlackTeam "Ergolding FC U20"]
[WhiteTeamCountry "GER"]
[BlackTeamCountry "GER"]

1. e4 c5 2. Nc3 d6 3. d3 Nc6 4. g3 g6 5. Be3 Nf6 6. Bg2 Bg7 7. f4 0-0 8. Nf3 Qb6 9. Rb1 e6 10. h3 d5 11. e5 Nd7 12. Bf2 Qa5 13. 0-0 b5 14. a3 Bb7 15. h4 a6 16. h5 Ne7 17. Bh3 Qb6 18. hxg6 Nxg6 19. Ne2 d4 20. Bg2 Bd5 21. Nd2 Qc6 22. Bxd5 Qxd5 23. b4 f6 24. exf6 Bxf6 25. Ne4 Bg7 26. Qd2 e5 27. c3 c4 28. cxd4 exd4 29. Qa2 Nb6 30. Rbc1 Rad8 31. Nc5 Rf5 32. g4 Nxf4 33. Nxf4 Rxf4 34. Qe2 cxd3 35. Nxd3 Re4 36. Qf3 Rf8 37. Qg2 Nc4 38. Nc5 Re5 39. Qxd5+ Rxd5 40. Nxa6 Rg5 41. Nc7 Rxg4+ 42. Kh2 Rf3 43. Rce1 Be5+ 44. Rxe5 Nxe5 45. Nxb5 Nd3 0-1

[Event "Bayernliga U20 1819"]
[Site "Bayern"]
[Date "2018.12.08"]
[Round "2.4"]
[White "Baumgaertel, Laura Maria"]
[Black "Gubariev, Jakob"]
[Result "1/2-1/2"]
[WhiteElo "1616"]
[BlackElo "1944"]
[PlyCount "72"]
[EventDate "2018.11.17"]
[EventType "team-tourn"]
[EventRounds "6"]
[EventCountry "GER"]
[SourceTitle "EXT 2022"]
[Source "ChessBase"]
[SourceDate "2021.10.06"]
[SourceVersion "1"]
[SourceVersionDate "2021.10.06"]
[SourceQuality "1"]
[WhiteTeam "Schwandorf U20"]
[BlackTeam "Augsburg SF U20"]
[WhiteTeamCountry "GER"]
[BlackTeamCountry "GER"]

1. d4 e6 2. e4 d5 3. exd5 exd5 4. Bf4 Nf6 5. Bd3 Be7 6. Nc3 c6 7. Nf3 Bg4 8. Be2 Nbd7 9. Ne5 Bxe2 10. Qxe2 0-0 11. 0-0 Re8 12. Qd2 Nh5 13. Nxd7 Nxf4 14. Qxf4 Qxd7 15. Rfe1 Bd6 16. Qf3 Re6 17. Re3 Rxe3 18. Qxe3 Re8 19. Qd2 Qe7 20. a3 b5 21. g3 a5 22. Kf1 b4 23. axb4 axb4 24. Ne2 Qe4 25. Ng1 Qf5 26. Ra6 Qd7 27. Qd3 f5 28. Rb6 f4 29. Qa6 fxg3 30. hxg3 Qf5 31. Ne2 Rf8 32. f4 Qh3+ 33. Kf2 Qh2+ 34. Kf3 Re8 35. Rxc6 Qh1+ 36. Kf2 Qh2+ 1/2-1/2

[Event "Bayernliga U20 1718"]
[Site "Bayern"]
[Date "2017.12.02"]
[Round "2.5"]
[White "Gubariev, Jakob"]
[Black "Yaroshenko, Yaroslav"]
[Result "1-0"]
[WhiteElo "1888"]
[BlackElo "1721"]
[PlyCount "79"]
[EventDate "2017.11.18"]
[EventType "team-tourn"]
[EventRounds "7"]
[EventCountry "GER"]
[SourceTitle "EXT 2022"]
[Source "ChessBase"]
[SourceDate "2021.10.06"]
[SourceVersion "1"]
[SourceVersionDate "2021.10.06"]
[SourceQuality "1"]
[WhiteTeam "Augsburg SF U20"]
[BlackTeam "Graefelfing SK U20"]
[WhiteTeamCountry "GER"]
[BlackTeamCountry "GER"]

1. e4 g6 2. d4 Bg7 3. Nc3 d6 4. Be3 Nd7 5. Qd2 Ngf6 6. Bh6 0-0 7. h4 c5 8. Nf3 cxd4 9. Nxd4 Nc5 10. f3 Qb6 11. 0-0-0 Ne6 12. Nxe6 Bxe6 13. Bxg7 Kxg7 14. g4 h5 15. gxh5 Nxh5 16. Bh3 Bxh3 17. Rxh3 Qc5 18. f4 f5 19. exf5 Qxf5 20. Re3 Rf7 21. Rde1 Qxf4 22. Rxe7 Qxd2+ 23. Kxd2 Raf8 24. R1e6 Rxe7 25. Rxe7+ Rf7 26. Rxf7+ Kxf7 27. Nb5 Ke6 28. Ke3 a6 29. Nd4+ Ke5 30. c3 Ng7 31. Kf3 Nf5 32. Nxf5 Kxf5 33. Kg3 b5 34. a3 a5 35. Kf3 a4 36. Kg3 g5 37. h5 g4 38. h6 Kg6 39. Kxg4 Kxh6 40. Kf5 1-0